| 000 | 00682nam a22001817a 4500 | ||
|---|---|---|---|
| 999 |
_c166983 _d166983 |
||
| 010 | _aENG-126205 | ||
| 020 |
_a978-93-84603-66-3 _c495.00 |
||
| 035 | _aEN-109737 | ||
| 037 | _bDBAD/PUB | ||
| 082 | _a796.357 | ||
| 100 | _aKumar, Anup | ||
| 245 |
_aLearn To Play Baseball: _cby Anup Kumar [and] Kunwarjeet Singh Sehgal _bThe Complete Guide To The Game Of Baseball/ |
||
| 260 |
_aNew Delhi _bSports Educational Technologies _c2019 |
||
| 270 |
_a102,4787/23,Ansari Road, Darya Ganj, _bNew Delhi _e110002 _k+91(011)27601805 _msportseducationaltechnologies@gmail.com |
||
| 300 |
_av138p. _b22cm(hb) |
||
| 500 | _aits include index | ||
| 942 |
_2ddc _cEN _h796.357 _mKUM |
||